000 01530cam a22003494a 4500
001 14053627
003 OSt
005 20210811114715.0
008 050727s2006 nyua bf 001 0 eng
010 _a 2005052290
020 _a0071447695
038 _akhadija
040 _aDLC
_cDLC
_dDLC
042 _apcc
050 0 0 _aTA775
_b.D39 2006
082 0 0 _a624.15
_222
_bDAY
100 1 _aDay, Robert W.
_936263
245 1 0 _aFoundation Engineering Handbook :
_bdesign and construction with the 2006 international building code /
_cRobert W. Day.
260 _aNew York :
_bMcGraw-Hill,
_c2006.
300 _a1 v. (various pagings) :
_bill. ;
_c24 cm.
504 _aIncludes bibliographical references and index.
563 _ahard cover
650 0 _aFoundations
_vHandbooks, manuals, etc.
_981395
650 0 _aSoil mechanics
_vHandbooks, manuals, etc.
_981396
650 0 _aStandards, Engineering
_vHandbooks, manuals, etc.
_981397
856 4 2 _3Contributor biographical information
_uhttp://www.loc.gov/catdir/enhancements/fy0625/2005052290-b.html
856 4 2 _3Publisher description
_uhttp://www.loc.gov/catdir/enhancements/fy0625/2005052290-d.html
856 4 1 _3Table of contents only
_uhttp://www.loc.gov/catdir/enhancements/fy0625/2005052290-t.html
906 _a7
_bcbc
_corignew
_d1
_eocip
_f20
_gy-gencatlg
942 _2ddc
_cBK
999 _c32151
_d32151